000 00345 a2200157 4500
001 56710
020 _a852621893X
040 _cAnchieta - Pituba
100 _aCaruso, Aristides
240 1 0 _aA torre mal-assombrada
_lpor
245 1 0 _aA torre mal-assombrada
300 _a48
362 0 _a2001
650 4 _aLiteratura juvenil
942 _cBK
999 _c56710
_d56710